| 000 -LEADER |
| fixed length control field |
00733nam a22002297a 4500 |
| 003 - CONTROL NUMBER IDENTIFIER |
| control field |
OSt |
| 005 - DATE AND TIME OF LATEST TRANSACTION |
| control field |
20210422063401.0 |
| 008 - FIXED-LENGTH DATA ELEMENTS--GENERAL INFORMATION |
| fixed length control field |
201228s1993 ||||| |||| 00| 0 eng d |
| 040 ## - CATALOGING SOURCE |
| Original cataloging agency |
eng |
| Language of cataloging |
eng |
| Transcribing agency |
DLC |
| 041 ## - LANGUAGE CODE |
| Language code of text/sound track or separate title |
eng |
| 080 ## - UNIVERSAL DECIMAL CLASSIFICATION NUMBER |
| Universal Decimal Classification number |
616-053.3 |
| Item number |
B-85 |
| 100 ## - MAIN ENTRY--PERSONAL NAME |
| 9 (RLIN) |
625 |
| Personal name |
Saadeh, J. Randa |
| Relator term |
Editor |
| 245 ## - TITLE STATEMENT |
| Title |
Breast-Feeding / The Technical Basis and Recommendations for Action |
| Statement of responsibility, etc. |
/ by: World Health Organization |
| 260 ## - PUBLICATION, DISTRIBUTION, ETC. |
| Place of publication, distribution, etc. |
Geneva |
| Name of publisher, distributor, etc. |
World Health Organization |
| Date of publication, distribution, etc. |
1993 |
| 300 ## - PHYSICAL DESCRIPTION |
| Extent |
119 p. |
| Other physical details |
ill. |
| 650 #0 - SUBJECT ADDED ENTRY--TOPICAL TERM |
| 9 (RLIN) |
529 |
| Topical term or geographic name entry element |
Neonatology |
| 653 ## - INDEX TERM--UNCONTROLLED |
| Uncontrolled term |
ნეონატოლოგია |
| 700 ## - ADDED ENTRY--PERSONAL NAME |
| 9 (RLIN) |
626 |
| Personal name |
Cooney, A. Kristin |
| Relator term |
Editor |
| 700 ## - ADDED ENTRY--PERSONAL NAME |
| 9 (RLIN) |
627 |
| Personal name |
Labbok, H. Miriam |
| Relator term |
Editor |
| 700 ## - ADDED ENTRY--PERSONAL NAME |
| 9 (RLIN) |
628 |
| Personal name |
Booher-Koniz, Peggy |
| Relator term |
Editor |
| 942 ## - ADDED ENTRY ELEMENTS (KOHA) |
| Source of classification or shelving scheme |
|
| Koha item type |
Books |